000 00300nam a2200097Ia 4500
082 _a658.022 PARK
245 0 _aRun your own business and make lots of money
100 _a PARKER, Eric Northcliff, South Africa, 2005 1st ed
_962770
942 _cBK
008 210817s9999 xx 000 0 und d
999 _c198359
_d198358